Statistiques concernant Les fées des contes et légendes

Cliquez ici pour prendre le quiz!

Statistiques générales

  • Ce quiz a été pris 256 fois
  • Le résultat moyen est 6 sur 14

Statistiques - réponses

IndiceFée% Correct
Peter PanClochette
94%
CendrillonMarraine
73%
PinocchioLa fée bleue
60%
Fée malfaisante, vieille, laide, méchante, et bossueCarabosse
56%
Demi-sœur magicienne du roi Arthur.Morgane
56%
La belle au bois dormantPimprenelle
39%
La dame du lacViviane
33%
La fée de l'eauOndine
29%
La belle au bois dormantPâquerette
29%
La belle au bois dormantFlora
28%
La fée serpentMélusine
25%
La fée des animauxNoa
16%
La fée des jardinsRosélia
16%
La fée de la lumièreIridessa
14%

Distribution des résultats

Percentile par nombre de réponses

% des personnes avec chaque résultat

Votre développement - résultats

Vous n’avez pas pris ce quiz